000 00558nam a2200169 4500
001 116468
003 ES-MaACL
007 t|
008 061121s1904 fr r ||||1| fre d
100 1 _aOstwald, Wilhelm.
_987830
245 1 0 _aManuel pratique des mesures physico-chimiques /
_cpar Wilhelm Ostwald ; R. Luther ; traduit de l'allemand sur la deuxiéme edition par Ad. Jouve.
260 _aParis :
_bEvreux Ch. Herissey,
_c1904.
300 _a534 p. ;
_c25 cm.
700 1 _aLuther, R.
_974874
700 1 _aJouve, Ad.
_967036
852 _aES-MaACL
_jB-4408
999 _c116468
_d116468